| 000 | 00655nam a2200193 4500 | ||
|---|---|---|---|
| 001 | 145490 | ||
| 003 | ES-MaACL | ||
| 007 | t| | ||
| 008 | 070214s1979 xxk r ||||1| eng d | ||
| 100 | 1 |
_aSterner, Gabriele. _9108139 |
|
| 245 | 1 | 0 |
_aPewter _b: through five hundred years / _cGabriele Sterner ; [translation Roland Matthews]. |
| 260 |
_aLondon : _bStudio Vista, _c1979. |
||
| 300 |
_a160 p. : _bil. ; _c20 cm. |
||
| 490 | 1 | _aChristie's South Kensington collectors' guides | |
| 700 | 1 |
_aMatthews, Roland. _979138 |
|
| 830 | 0 |
_aChristie's South Kensington collectors' guides _9182011 |
|
| 852 |
_aES-MaACL _jL-9152 _bR.109196 |
||
| 999 |
_c145490 _d145490 |
||